01070cam a22002891 45000010008000000030009000080050017000170080041000340100017000750150013000920350018001050400039001230500014001620820018001761000020001942450031002142600039002453000067002844900081003515040030004326500036004626500045004986510057005436510042006006510042006428100096006846120208BDDh-ASL20231015025857.0740709s1966 stkacfh b 000 0 eng  a 65022498  aB67-3717 a(OCoLC)939448 aDLCcOTUdOCoLCdUkdDLCdBDDh-ASL00aDS63b.D3 a297.0942bDAI1 aDaniel, Norman.10aIslam, Europe and Empire / aEdinburgh:bEdinburgh U.P.c[1966] axx, 619 p.billus., 34 plates (incl. facsims., ports.)c23 cm.1 a[Edinburgh University publications; language and literature series,vno. 15] aBibliography: p. 566-594. 0aIslamxRelationsxChristianity. 0aChristianity and other religionsxIslam. 0aIslamic countriesxForeign public opinion, European. 0aEuropexRelationszIslamic countries. 0aIslamic countriesxRelationszEurope.2 aUniversity of Edinburgh.tEdinburgh University publications; language and literature ;v15.